Central Library OPAC University of Rajshahi

Political science : (Record no. 64443)

MARC details
000 -LEADER
fixed length control field 00666nam a2200217 a 4500
001 - CONTROL NUMBER
control field 64443
003 - CONTROL NUMBER IDENTIFIER
rucl marc code BD-RjUL
005 - DATE AND TIME OF LATEST TRANSACTION
control field 20211209081317.0
008 - FIXED-LENGTH DATA ELEMENTS--GENERAL INFORMATION
fixed length control field 170215r19651960 1 eng u
035 ## - SYSTEM CONTROL NUMBER
System control number (BD-RjUL)64573
040 ## - CATALOGING SOURCE
Transcribing agency WSU
Modifying agency BOS
Original cataloging agency BD-RjUL
Language of cataloging eng
041 ## - LANGUAGE CODE
Language code of text/sound track or separate title eng
082 ## - DEWEY DECIMAL CLASSIFICATION NUMBER
Edition number 23
Classification number 320.01
Author mark and year DYP 1965
100 1# - MAIN ENTRY--PERSONAL NAME
Personal name Van Dyke, Vernon,
Dates associated with a name 1912-
9 (RLIN) 191185
245 10 - TITLE STATEMENT
Title Political science :
Remainder of title a philosophical analysis /
Statement of responsibility, etc. Vernon Van Dyke
260 ## - PUBLICATION, DISTRIBUTION, ETC. (IMPRINT)
Place of publication, distribution, etc. Stanford, Calif. :
Name of publisher, distributor, etc. Stanford University Press,
Date of publication, distribution, etc. c1960 [ reprinted 1965]
300 ## - PHYSICAL DESCRIPTION
Pagination 235 p. ;
Size 23 cm.
500 ## - GENERAL NOTE
General note Includes index.
650 #0 - SUBJECT ADDED ENTRY--TOPICAL TERM
Topical term or geographic name as entry element Political science
General subdivision Methodology.
9 (RLIN) 191186
942 ## - ADDED ENTRY ELEMENTS (KOHA)
Source of classification or shelving scheme Dewey Decimal Classification
Koha item type Books
Holdings
Lost status Source of classification or shelving scheme Damaged status Not for loan Collection code Permanent Location Current Location Shelving location Date acquired Source of acquisition Cost, normal purchase price Total Checkouts Full call number Date last seen Copy number Koha item type
  Dewey Decimal Classification   Not For Loan Non-fiction Central Library, University of Rajshahi Central Library, University of Rajshahi Reading Room 14/01/1975 M. obaidul haque dept. of political science 26.50   320.01 DYP 1965 15/02/2017 C-1 Books